|
|
|
|
| LEADER |
00000nam0a2200000 4500 |
| 001 |
300531 |
| 005 |
20231102001318.0 |
| 020 |
|
|
|a RU
|b 82-83276
|
| 035 |
|
|
|a (RuTPU)RU\TPU\book\325684
|
| 090 |
|
|
|a 300531
|
| 100 |
|
|
|a 20150710d1982 m y0rusy5003 ca
|
| 101 |
0 |
|
|a rus
|
| 102 |
|
|
|a RU
|
| 105 |
|
|
|a a z 001cy
|
| 200 |
1 |
|
|a Пропавшие атомы. Очерки по геохимии
|f В. Л. Зверев
|
| 210 |
|
|
|a Москва
|c Знание
|d 1982
|
| 215 |
|
|
|a 142 с.
|c ил.
|
| 225 |
1 |
|
|a Народный университет
|
| 320 |
|
|
|a Библиогр.: с. 141
|
| 606 |
1 |
|
|a Геохимия
|2 stltpush
|3 (RuTPU)RU\TPU\subj\6296
|9 34219
|
| 610 |
1 |
|
|a химические элементы
|
| 610 |
1 |
|
|a распространение
|
| 610 |
1 |
|
|a миграция
|
| 610 |
1 |
|
|a природа
|
| 610 |
1 |
|
|a естественная радиоактивность
|
| 610 |
1 |
|
|a растения
|
| 610 |
1 |
|
|a животные
|
| 610 |
1 |
|
|a вода
|
| 610 |
1 |
|
|a полезные ископаемые
|
| 610 |
1 |
|
|a поиск
|
| 610 |
1 |
|
|a геохимические методы
|
| 675 |
|
|
|a 550.4
|v 3
|
| 700 |
|
1 |
|a Зверев
|b В. Л.
|g Вячеслав Львович
|
| 801 |
|
0 |
|a RU
|b RuMRKP
|c 19950704
|g psbo
|
| 801 |
|
1 |
|a RU
|b 63413507
|c 20150710
|
| 801 |
|
2 |
|a RU
|b 63413507
|c 20180615
|g RCR
|
| 942 |
|
|
|c BK
|